[Event "Tenerife-chT Segunda"]
[Site "Tenerife"]
[Date "2015.04.25"]
[Round "10.1"]
[White "Padron Perez, Cayetano"]
[Black "Rodriguez Perez, Jose Eulogio"]
[Result "1-0"]
[WhiteElo "1549"]
[BlackElo "1334"]
[PlyCount "79"]
[EventDate "2015.01.24"]
[EventType "swiss"]
[EventRounds "13"]
[EventCountry "ESP"]
[SourceTitle "EXT 2024"]
[Source "ChessBase"]
[SourceDate "2023.10.10"]
[SourceVersion "1"]
[SourceVersionDate "2023.10.10"]
[SourceQuality "1"]
[WhiteTeam "Benito"]
[BlackTeam "Valledrez II"]
[WhiteTeamCountry "ESP"]
[BlackTeamCountry "ESP"]

1. d4 c5 2. d5 Nf6 3. c4 g6 4. Nc3 Bg7 5. e4 0-0 6. Be3 d6 7. f3 Nbd7 8. Qd2 Nb6 9. g4 e6 10. 0-0-0 Qd7 11. dxe6 Qxe6 12. Qxd6 Qxd6 13. Rxd6 Be6 14. Bxc5 Nxc4 15. Bxc4 Bxc4 16. Rd4 Bf1 17. Bxf8 Kxf8 18. Nge2 Bg2 19. Rhd1 Ke7 20. e5 Ne8 21. Ng1 Bxe5 22. Re1 f6 23. f4 Ke6 24. fxe5 fxe5 25. Rd2 Nd6 26. Rxg2 Rc8 27. Kb1 b5 28. Rge2 Nc4 29. Nf3 b4 30. Nb5 a6 31. Nbd4+ Kd5 32. Nb3 e4 33. Rxe4 Rf8 34. Rd4+ Kc6 35. Rxc4+ Kb5 36. Rc5+ Kb6 37. Nfd4 Rf7 38. Rc6+ Kb7 39. Nc5+ Ka7 40. Rxa6+ 1-0

[Event "Tenerife-ch"]
[Site "Santa Cruz de Tenerife"]
[Date "2013.03.07"]
[Round "4"]
[White "Febles Dominguez, Alfonso Jesus"]
[Black "Rodriguez Perez, Jose Eulogio"]
[Result "1-0"]
[WhiteElo "1460"]
[BlackElo "1269"]
[PlyCount "101"]
[EventDate "2013.03.04"]
[EventType "swiss"]
[EventRounds "9"]
[EventCountry "ESP"]
[SourceTitle "CBM 153 Extra"]
[Source "ChessBase"]
[SourceDate "2013.04.22"]
[SourceVersion "1"]
[SourceVersionDate "2013.04.22"]
[SourceQuality "1"]

1. e4 g6 2. Nc3 Bg7 3. d4 d6 4. h3 e6 5. Nf3 Ne7 6. Be3 0-0 7. Bd3 b6 8. Qd2 Bb7 9. Bh6 Re8 10. 0-0-0 c5 11. Bxg7 Kxg7 12. Qf4 cxd4 13. Nxd4 e5 14. Qe3 exd4 15. Qxd4+ Kg8 16. Bc4 Nbc6 17. Qf6 Nc8 18. Bxf7+ Kf8 19. Qf4 Kg7 20. Bxe8 Qxe8 21. Nd5 Qf7 22. Qd2 Ne5 23. f3 Kg8 24. Qg5 Kg7 25. Ne3 Ne7 26. Rxd6 h6 27. Qxe5+ Kg8 28. Rd7 Re8 29. Rxb7 Qxa2 30. Rxe7 Rxe7 31. Qxe7 Qa1+ 32. Kd2 Qxh1 33. e5 Qa1 34. e6 Qxb2 35. Qe8+ Kh7 36. Qf7+ Qg7 37. Qxg7+ Kxg7 38. Nd5 Kf8 39. e7+ Ke8 40. g4 a5 41. Kc3 b5 42. Kb3 g5 43. c4 a4+ 44. Kb4 a3 45. Kxa3 bxc4 46. Kb4 c3 47. Kxc3 Kf7 48. Kd4 Ke8 49. Ke5 Kf7 50. Kd6 Ke8 51. Nc7+ 1-0

[Event "Tenerife-ch"]
[Site "Santa Cruz de Tenerife"]
[Date "2013.03.06"]
[Round "3"]
[White "Perez Perez, Gabriel"]
[Black "Rodriguez Perez, Jose Eulogio"]
[Result "0-1"]
[WhiteElo "1349"]
[BlackElo "1269"]
[PlyCount "92"]
[EventDate "2013.03.04"]
[EventType "swiss"]
[EventRounds "9"]
[EventCountry "ESP"]
[SourceTitle "CBM 153 Extra"]
[Source "ChessBase"]
[SourceDate "2013.04.22"]
[SourceVersion "1"]
[SourceVersionDate "2013.04.22"]
[SourceQuality "1"]

1. e4 e5 2. Nf3 Nc6 3. d4 exd4 4. Nxd4 Qf6 5. Be3 Bc5 6. c3 Nge7 7. g3 Ne5 8. Bg2 b6 9. Qe2 c6 10. f4 N5g6 11. e5 Nxe5 12. fxe5 Qxe5 13. 0-0 a5 14. Qf2 0-0 15. Bf4 Qh5 16. Be3 d5 17. Ne2 Bxe3 18. Qxe3 Nf5 19. Qf2 Nh6 20. Nf4 Qg5 21. Qxb6 Ba6 22. Re1 Bb5 23. a4 Rfb8 24. Qe3 Nf5 25. Qf2 Ba6 26. Na3 Nh6 27. Nh3 Qd8 28. Bf1 Ng4 29. Qd4 Bc8 30. Qd2 Nf6 31. Rab1 Bf5 32. Bd3 Bxh3 33. Bf1 Bf5 34. Rbc1 Qb6+ 35. Kh1 Ng4 36. Re2 Re8 37. Rce1 Rxe2 38. Rxe2 Nf6 39. Qf4 Bd3 40. Rd2 Bxf1 41. Qxf1 Re8 42. Qg1 Qb8 43. Qd4 Ne4 44. Re2 Nxg3+ 45. hxg3 Rxe2 46. Qg1 Qxb2 0-1

[Event "Tenerife-chT-A1"]
[Site "Tenerife"]
[Date "2013.03.02"]
[Round "6.4"]
[White "Rodriguez Perez, Jose Eulogio"]
[Black "Lozano Marques, Manuel"]
[Result "0-1"]
[WhiteElo "1269"]
[BlackElo "1616"]
[PlyCount "84"]
[EventDate "2013.01.19"]
[EventType "team-tourn"]
[EventRounds "14"]
[EventCountry "ESP"]
[SourceTitle "EXT 2014"]
[Source "ChessBase"]
[SourceDate "2013.11.20"]
[SourceVersion "1"]
[SourceVersionDate "2013.11.20"]
[SourceQuality "1"]
[WhiteTeam "Valledrez"]
[BlackTeam "Escuela Ajedrez Casa Venezuela"]
[WhiteTeamCountry "ESP"]
[BlackTeamCountry "ESP"]

1. e4 c5 2. Nf3 d6 3. g3 Nf6 4. Bg2 Nc6 5. d3 e5 6. 0-0 Be7 7. Bg5 0-0 8. Re1 Ng4 9. Qc1 Bxg5 10. Nxg5 h6 11. Nf3 Nf6 12. c3 Qb6 13. Nbd2 Be6 14. b3 Ng4 15. c4 Nb4 16. Qb1 a5 17. Nf1 f5 18. h3 Nf6 19. a3 Nc6 20. Qd1 Qa6 21. Nh4 fxe4 22. dxe4 Nd4 23. Ne3 b5 24. Nd5 Qa7 25. cxb5 Nxb5 26. Nf5 Nxd5 27. Nxh6+ gxh6 28. exd5 Bf5 29. Qh5 Qg7 30. Be4 Qg5 31. Qxg5+ hxg5 32. Bxf5 Rxf5 33. h4 Nd4 34. Re4 Raf8 35. Rg4 Kh7 36. h5 Kh6 37. Re4 Rxf2 38. b4 axb4 39. axb4 cxb4 40. Ra6 Kxh5 41. Rxd6 Rf1+ 42. Kg2 R8f2+ 0-1